LEADER 01242nam 2200409 450 001 9910827447003321 005 20230808212046.0 010 $a88-921-6282-9 035 $a(CKB)5120000000187124 035 $a(MiAaPQ)EBC4771204 035 $a(Au-PeEL)EBL4771204 035 $a(CaPaEBR)ebr11318836 035 $a(OCoLC)967564415 035 $a(EXLCZ)995120000000187124 100 $a20170103h20162016 uy 0 101 0 $aita 135 $aurcnu|||||||| 181 $2rdacontent 182 $2rdamedia 183 $2rdacarrier 200 10$aComunita? di diritto, leale cooperazione, crescita $eMateriali ed ipotesi ricostruttive dell'Unione europea /$fMaurizio Maresca 210 1$aTurin, [Italy] :$cG. Giappichelli Editore,$d2016. 210 4$dİ2016 215 $a1 online resource (145 pages) 311 $a88-921-0591-4 320 $aIncludes bibliographical references. 606 $aCompetition, Unfair 615 0$aCompetition, Unfair. 676 $a343.072 700 $aMaresca$b Maurizio$0230798 801 0$bMiAaPQ 801 1$bMiAaPQ 801 2$bMiAaPQ 906 $aBOOK 912 $a9910827447003321 996 $aComunita? di diritto, leale cooperazione, crescita$93957255 997 $aUNINA